Catálogo público

Fisiología vegetal ambiental / (Record no. 208518)

MARC details
000 -CABECERA
campo de control de longitud fija 00784nam a2200289Ia 4500
001 - NÚMERO DE CONTROL
campo de control Para_9849
003 - IDENTIFICADOR DEL NÚMERO DE CONTROL
campo de control CHAP
008 - DATOS DE LONGITUD FIJA--INFORMACIÓN GENERAL
campo de control de longitud fija 220125s2000 xx 000 0 und d
010 ## - NÚMERO DE CONTROL DE LA BIBLIOTECA DEL CONGRESO
Número de control de LC 208518
020 ## - NÚMERO INTERNACIONAL ESTÁNDAR DEL LIBRO
Número Internacional Estándar del Libro 84 - 7738 - 744 - 3
040 ## - FUENTE DE LA CATALOGACIÓN
Centro/agencia transcriptor CHAP
082 ## - NÚMERO DE LA CLASIFICACIÓN DECIMAL DEWEY
Número de clasificación PA 581.1 V53
100 ## - ENTRADA PRINCIPAL--NOMBRE DE PERSONA
Nombre de persona Vicente Córdoba, Carlos
9 (RLIN) 134997
245 ## - MENCIÓN DE TÍTULO
Título Fisiología vegetal ambiental /
Mención de responsabilidad, etc. Carlos Vicente Córdoba
260 ## - PUBLICACIÓN, DISTRIBUCIÓN, ETC.
Lugar de publicación, distribución, etc. España :
Nombre del editor, distribuidor, etc. Editorial Sintesis
300 ## - DESCRIPCIÓN FÍSICA
Extensión 350 p.
440 ## - MENCIÓN DE SERIE/PUNTO DE ACCESO ADICIONAL--TÍTULO
Título Biología
9 (RLIN) 12774
500 ## - NOTA GENERAL
Nota general Cada capitulo incluye un glosario
650 ## - PUNTO DE ACCESO ADICIONAL DE MATERIA--TÉRMINO DE MATERIA
Término de materia o nombre geográfico como elemento de entrada Fisiología vegetal
9 (RLIN) 41136
901 ## - ELEMENTOS DE DATOS A LOCAL LDA (RLIN)
a PA 581.1 V53
902 ## - ELEMENTOS DE DATOS B LOCAL, LDB (RLIN)
a M
905 ## - ELEMENTOS DE DATOS E LOCAL, LDE (RLIN)
a 5222202000 an 8000000300 06
910 ## - DATOS DE OPCIÓN DEL USUARIO (OCLC)
Datos de opción del usuario 2000
942 ## - ELEMENTOS DE PUNTO DE ACCESO ADICIONAL (KOHA)
Tipo de ítem Koha Parasitologia_
942 ## - ELEMENTOS DE PUNTO DE ACCESO ADICIONAL (KOHA)
Tipo de ítem Koha Parasitologia_
-- 1
Holdings
Estado de retiro Estado de pérdida Fuente del sistema de clasificación o colocación Estado dañado Restricciones de uso No para préstamo Código de colección Localización permanente Ubicación/localización actual Fecha de adquisición Información codificada de la localización en otra ubicación Número de inventario Total de préstamos Signatura topográfica completa Código de barras Fecha visto por última vez Número de copia Precio válido a partir de Tipo de ítem Koha Nota pública
    Dewey Decimal Classification   Préstamo 3 días   General Parasitologia Agricola Parasitologia Agricola 28/05/2013 PARA (PA_09958) (No. UACh C/E)   PA 581.1 V53 4102000457 25/01/2022 Ej.1 25/01/2022 Libro 3